Catalog

Record Details

Catalog Search



Některé aspekty socializace lidí se zdravotním postižením : kapitoly ze sociologie handicapu  Cover Image Book Book

Některé aspekty socializace lidí se zdravotním postižením : kapitoly ze sociologie handicapu / Libor Novosad

Record details

  • ISBN: 80-7083-268-1
  • Physical Description: 50 s. ; 30 cm
  • Edition: Vyd. 1.
  • Publisher: Liberec : Technická univerzita, 1997

Content descriptions

General Note:
500 výt.
Bibliography, etc. Note:
Bibliogr.
Target Audience Note:
Pro studenty dálkového a distančního studia FP
Subject: osoby se zdravotním postižením > socializace
osoby se zdravotním postižením
sociální integrace
socializace
Genre: učebnice vysokých škol

Available copies

  • 3 of 3 copies available at Common Catalog SPOK.

Holds

  • 0 current holds with 3 total copies.
Show All Copies
Location Call Number / Copy Notes Barcode Shelving Location Status Due Date
Jabok Library PeS-5.1 /N 424480001292 Odborná literatura Available -
Jabok Library PeS-5.1 /N 424480003294 Odborná literatura Available -
Jabok Library PeS-5.1 /N 424480006496 Odborná literatura Available -

LDR 01486nam a2200397 a 4500
0018000
003CZ-PrJAB
00520220517123545.0
007tu
008980209s1997 xr e p 000 0 cze
015 . ‡acnb000298655
020 . ‡a80-7083-268-1 ‡q(brož.)
035 . ‡a(CZ PrNK)cpk19980298655
035 . ‡a(OCoLC)38974555
040 . ‡aABA001 ‡bcze
072 7. ‡a364-1/-7 ‡xDruhy sociální pomoci a služeb ‡2Konspekt ‡918
072 7. ‡a37.016 ‡xUčební osnovy. Vyučovací předměty. Učebnice ‡2Konspekt ‡922
080 . ‡a364 ‡2undef
080 . ‡a616-05 ‡2undef
080 . ‡a316.6 ‡2undef
1001 . ‡aNovosad, Libor, ‡d1959- ‡7jn20001103418 ‡4aut
24510. ‡aNěkteré aspekty socializace lidí se zdravotním postižením : ‡bkapitoly ze sociologie handicapu / ‡cLibor Novosad
250 . ‡aVyd. 1.
260 . ‡aLiberec : ‡bTechnická univerzita, ‡c1997
300 . ‡a50 s. ; ‡c30 cm
500 . ‡a500 výt.
504 . ‡aBibliogr.
521 . ‡aPro studenty dálkového a distančního studia FP
65007. ‡aosoby se zdravotním postižením ‡7ph127575 ‡xsocializace ‡2czenas
65007. ‡aosoby se zdravotním postižením ‡7ph127575 ‡2czenas
65007. ‡asociální integrace ‡7ph125789 ‡2czenas
65007. ‡asocializace ‡7ph137463 ‡2czenas
655 7. ‡aučebnice vysokých škol ‡7fd133772 ‡2czenas
910 . ‡aABG312
901 . ‡a8000 ‡bUnknown ‡c8000 ‡tbiblio

Additional Resources